[Event "UzChess Cup Masters 2024"]
[Site "Tashkent UZB"]
[Date "2024.06.10"]
[Round "5.4"]
[White "Maghsoodloo, Parham"]
[Black "Sindarov, Javokhir"]
[Result "1/2-1/2"]
[WhiteTitle "GM"]
[BlackTitle "GM"]
[WhiteElo "2733"]
[BlackElo "2668"]
[WhiteFideId "12539929"]
[BlackFideId "14205483"]
[EventDate "2024.06.06"]

1. d4 Nf6 2. c4 e6 3. Nf3 d5 4. Nc3 c6 5. e3 Nbd7 6. Qc2 Bd6 7. Be2 O-O 8. O-O
dxc4 9. Bxc4 e5 10. h3 exd4 11. exd4 Nb6 12. Bb3 Re8 13. Bg5 Be6 14. Rae1 Bxb3
15. Qxb3 Rxe1 16. Rxe1 h6 17. Bh4 g5 18. Ne5 Bxe5 19. dxe5 gxh4 20. exf6 Qxf6
21. Re4 Rd8 22. Rg4+ Kf8 23. Qa3+ Qd6 24. Qxa7 Re8 25. Ne4 Qb4 26. Nf6 Qe1+ 27.
Kh2 Qe5+ 28. f4 Qxf6 29. Qxb6 Qd6 30. Qxb7 Rb8 31. Qa7 h5 32. Rxh4 Rxb2 33. Qa8+
Kg7 34. Qa5 Rb5 35. Qc3+ Qf6 36. Qxf6+ Kxf6 37. a4 Rc5 38. g4 hxg4 39. hxg4 Ra5
40. Rh6+ Kg7 41. Rxc6 Rxa4 42. Kg3 f6 43. f5 Ra1 44. Rc7+ Kg8 45. Rd7 Rb1 46.
Kf3 Rb4 47. Kg3 Rb1 48. Ra7 Kf8 49. Rc7 Ra1 50. Kf3 Ra3+ 51. Kf4 Ra4+ 52. Kg3
Ra1 53. Rd7 Ke8 54. Rd4 Ke7 55. Kf3 Ra3+ 56. Ke4 Ra5 57. Rb4 Kf8 58. Rb8+ Ke7
59. Rb7+ Kf8 60. Rb4 Ke7 61. Kd4 Kf7 62. Rb7+ Kf8 63. Rc7 Ra4+ 64. Rc4 Ra5 65.
Rc8+ Ke7 66. Rc7+ Kf8 67. Rb7 Ra4+ 68. Kd5 Rxg4 69. Ke6 Ra4 70. Rf7+ Kg8 71. Rd7
Kf8 72. Kxf6 Ra6+ 73. Ke5 Rb6 74. Ra7 Rb5+ 75. Kf6 Rb6+ 76. Kg5 Rc6 77. Rh7 Ra6
78. Rh6 Rxh6 79. Kxh6 Kf7 80. Kh7 Kf6 81. Kh8 Kxf5 1/2-1/2

[Event "UzChess Cup Masters 2024"]
[Site "Tashkent UZB"]
[Date "2024.06.10"]
[Round "5.5"]
[White "Mamedyarov, Shakhriyar"]
[Black "Yakubboev, Nodirbek"]
[Result "1/2-1/2"]
[WhiteTitle "GM"]
[BlackTitle "GM"]
[WhiteElo "2734"]
[BlackElo "2634"]
[WhiteFideId "13401319"]
[BlackFideId "14203987"]
[EventDate "2024.06.06"]

1. d4 Nf6 2. c4 e6 3. Nc3 Bb4 4. a3 Bxc3+ 5. bxc3 c5 6. e3 d6 7. Bd3 Nc6 8. Ne2
e5 9. O-O O-O 10. Ng3 Re8 11. d5 e4 12. Nxe4 Nxe4 13. dxc6 bxc6 14. Qc2 Nf6 15.
e4 Nd7 16. f4 h6 17. Be3 Nb6 18. Rae1 Ba6 19. Qe2 f5 20. e5 Qd7 21. Qh5 Rf8 22.
exd6 Qxd6 23. Rd1 Qe7 24. Rfe1 Bxc4 25. Bxf5 Qf6 26. Bc2 Nd5 27. Bd2 Rab8 28. g3
Rb2 29. Rc1 Bb3 30. Bxb3 Rxb3 31. Re8 Rxe8 32. Qxe8+ Kh7 33. Qe4+ Qg6 34. f5 Qf7
35. Rf1 Nf6 36. Qe6 Qg8 37. a4 Ra3 38. Qxg8+ Kxg8 39. Rf4 Ra2 40. Be1 Nd5 41.
Re4 Nb6 1/2-1/2

[Event "UzChess Cup Masters 2024"]
[Site "Tashkent UZB"]
[Date "2024.06.11"]
[Round "6.1"]
[White "Yu, Yangyi"]
[Black "Abdusattorov, Nodirbek"]
[Result "0-1"]
[WhiteTitle "GM"]
[BlackTitle "GM"]
[WhiteElo "2715"]
[BlackElo "2766"]
[WhiteFideId "8603820"]
[BlackFideId "14204118"]
[EventDate "2024.06.06"]

1. e4 e5 2. Nf3 Nc6 3. Bc4 Nf6 4. d3 Be7 5. O-O O-O 6. Re1 d6 7. a4 Be6 8. Bxe6
fxe6 9. c3 a5 10. Be3 Qd7 11. Nbd2 h6 12. Nc4 Rf7 13. Qb3 b6 14. Qb5 g5 15. h3
Raf8 16. Rad1 g4 17. hxg4 Nxg4 18. d4 Rg7 19. Kf1 Qe8 20. dxe5 Qg6 21. Ke2 Ncxe5
22. Nfxe5 dxe5 23. f3 Nxe3 24. Nxe3 Bc5 25. Kd2 Qg5 26. Qe2 Rd8+ 27. Kc2 Rxd1
28. Nxd1 Qxg2 29. Qxg2 Rxg2+ 30. Kd3 Kg7 31. Rh1 Kg6 32. b4 axb4 33. cxb4 Bxb4
34. Ne3 Rd2+ 35. Kc4 Rd4+ 36. Kb5 Bd2 37. Rg1+ Kf7 38. Ng4 Bf4 39. Rh1 Kg6 40.
Rg1 h5 41. Nxe5+ Kf6 42. Nc6 Rd3 43. Rh1 Rxf3 44. Rxh5 Re3 45. e5+ Kg6 46. Rh1
Bxe5 47. a5 bxa5 48. Nxa5 Bd6 49. Kc6 Kf5 50. Kd7 Rd3 51. Nc6 Bg3+ 52. Kc8 e5
53. Rh5+ Kf6 54. Nb4 Rb3 55. Nd5+ Kg6 56. Rh8 e4 57. Kd7 Kf5 58. Re8 Bd6 59. Kc6
Rd3 60. Rh8 e3 61. Re8 Be5 62. Ne7+ Ke4 0-1

[Event "UzChess Cup Masters 2024"]
[Site "Tashkent UZB"]
[Date "2024.06.11"]
[Round "6.2"]
[White "Sarana, Alexey"]
[Black "Yakubboev, Nodirbek"]
[Result "1/2-1/2"]
[WhiteTitle "GM"]
[BlackTitle "GM"]
[WhiteElo "2712"]
[BlackElo "2634"]
[WhiteFideId "24133795"]
[BlackFideId "14203987"]
[EventDate "2024.06.06"]

1. d4 Nf6 2. c4 e6 3. Nc3 Bb4 4. Qc2 O-O 5. e4 d5 6. e5 Ne4 7. Bd3 c5 8. Nf3
cxd4 9. Nxd4 Nd7 10. Bf4 Qh4 11. g3 Qh5 12. O-O g5 13. Be3 Nxe5 14. Be2 Qg6 15.
Nxe4 dxe4 16. c5 Bd7 17. a3 Ba5 18. f4 exf3 19. Qxg6+ 1/2-1/2

[Event "UzChess Cup Masters 2024"]
[Site "Tashkent UZB"]
[Date "2024.06.11"]
[Round "6.3"]
[White "Sindarov, Javokhir"]
[Black "Mamedyarov, Shakhriyar"]
[Result "1/2-1/2"]
[WhiteTitle "GM"]
[BlackTitle "GM"]
[WhiteElo "2668"]
[BlackElo "2734"]
[WhiteFideId "14205483"]
[BlackFideId "13401319"]
[EventDate "2024.06.06"]

1. d4 d5 2. c4 dxc4 3. Nf3 a6 4. e3 b5 5. a4 Bb7 6. b3 e6 7. axb5 axb5 8. Rxa8
Bxa8 9. bxc4 bxc4 10. Bxc4 Nf6 11. O-O Nbd7 1/2-1/2

[Event "UzChess Cup Masters 2024"]
[Site "Tashkent UZB"]
[Date "2024.06.11"]
[Round "6.4"]
[White "Grischuk, Alexander"]
[Black "Maghsoodloo, Parham"]
[Result "1/2-1/2"]
[WhiteTitle "GM"]
[BlackTitle "GM"]
[WhiteElo "2719"]
[BlackElo "2733"]
[WhiteFideId "4126025"]
[BlackFideId "12539929"]
[EventDate "2024.06.06"]

1. d4 Nf6 2. c4 e6 3. Nf3 d5 4. g3 Be7 5. Bg2 O-O 6. O-O h6 7. Qc2 c6 8. Rd1 b6
9. b3 Ba6 10. Bb2 Nbd7 11. Nbd2 Rc8 12. e4 c5 13. exd5 exd5 14. Rac1 cxd4 15.
Nxd4 b5 16. Qb1 bxc4 17. bxc4 Ne5 18. Nf5 Nxc4 19. Nxc4 Bxc4 20. Bf1 Qc7 21.
Bxc4 dxc4 22. Rxc4 Qxc4 23. Nxe7+ Kh8 24. Nxc8 Rxc8 25. Bxf6 gxf6 26. Rd6 Kg7
27. Qf5 Qc3 28. h4 Re8 29. Kg2 Qe5 30. Qg4+ Kf8 31. Ra6 Re7 32. Qf3 Kg7 33. Ra4
Qe6 34. Rg4+ Kh7 35. Rf4 Kg7 36. a3 Rd7 37. Rg4+ Kh7 38. Rf4 Kg7 39. Rxf6 Qxf6
40. Qg4+ Qg6 41. Qxd7 Qe4+ 42. Kh2 a5 43. a4 Qb4 44. Qc6 Qd4 45. Kg1 Qd1+ 46.
Kg2 Qd4 47. Qb5 Qe4+ 48. Kh2 Qb4 49. Qe5+ Kg8 50. Qe8+ Kg7 51. Qc6 Qd2 52. Kg2
Qd4 53. Qc2 Qd5+ 54. Kf1 Qd4 55. Ke2 Kg8 56. Kf3 Kg7 57. Qe4 Qc3+ 58. Kg4 Qc8+
59. Kf4 Qc1+ 60. Kg4 Qc8+ 61. Kf3 Qc3+ 62. Kg2 Qb4 63. f3 Qd2+ 64. Kh3 Qc3 65.
g4 Qc5 66. Kg2 Qc3 67. Kg3 Qc7+ 68. Kf2 Qc3 69. Kg2 Qd2+ 70. Kh3 Qd1 71. g5 h5
72. Kg2 Qd2+ 73. Kg3 Qd6+ 74. Qf4 Qc5 75. Qf6+ Kg8 76. Qd8+ Kg7 77. Qd1 Qe5+ 78.
Kg2 Qb2+ 79. Kg3 Qe5+ 80. Kh3 Qf4 81. Qa1+ Kg8 82. Qd1 Kg7 1/2-1/2

[Event "UzChess Cup Masters 2024"]
[Site "Tashkent UZB"]
[Date "2024.06.11"]
[Round "6.5"]
[White "Rapport, Richard"]
[Black "Vidit, Santosh Gujrathi"]
[Result "1/2-1/2"]
[WhiteTitle "GM"]
[BlackTitle "GM"]
[WhiteElo "2715"]
[BlackElo "2721"]
[WhiteFideId "738590"]
[BlackFideId "5029465"]
[EventDate "2024.06.06"]

1. e4 e5 2. Nf3 Nc6 3. Bb5 Nf6 4. d3 Bc5 5. c3 O-O 6. Bg5 h6 7. Bh4 Be7 8. O-O
d6 9. Bg3 a6 10. Ba4 Nh5 11. Nbd2 Nxg3 12. hxg3 Nb8 13. d4 Bf6 14. Re1 g6 15.
Nf1 h5 16. Qd2 Nd7 17. Rad1 exd4 18. cxd4 Bg7 19. Bb3 Nf6 20. Qg5 a5 21. Ne3 a4
22. Bc4 c6 23. e5 d5 24. Bd3 1/2-1/2

[Event "UzChess Cup Masters 2024"]
[Site "Tashkent UZB"]
[Date "2024.06.12"]
[Round "7.1"]
[White "Abdusattorov, Nodirbek"]
[Black "Rapport, Richard"]
[Result "1/2-1/2"]
[WhiteTitle "GM"]
[BlackTitle "GM"]
[WhiteElo "2766"]
[BlackElo "2715"]
[WhiteFideId "14204118"]
[BlackFideId "738590"]
[EventDate "2024.06.06"]

1. d4 Nf6 2. Nf3 g6 3. Bf4 Bg7 4. c3 d6 5. Nbd2 Nh5 6. Bg5 h6 7. Bh4 g5 8. Bg3
e6 9. e4 Qe7 10. Ng1 Nxg3 11. hxg3 Nd7 12. Bd3 e5 13. d5 c6 14. c4 Nf6 15. Ngf3
Bd7 16. Qb3 O-O 17. O-O a5 18. Be2 a4 19. Qd3 cxd5 20. cxd5 b5 21. Rfc1 Rfc8 22.
Nf1 Qd8 23. Ne3 Qb6 24. Nd2 Qd4 25. Qxd4 exd4 26. Nc2 d3 27. Bxd3 Ng4 28. Rab1
Rc5 29. f3 Ne5 30. Ne1 Rac8 31. Rxc5 Rxc5 32. Kf1 1/2-1/2

[Event "UzChess Cup Masters 2024"]
[Site "Tashkent UZB"]
[Date "2024.06.12"]
[Round "7.2"]
[White "Vidit, Santosh Gujrathi"]
[Black "Sarana, Alexey"]
[Result "1/2-1/2"]
[WhiteTitle "GM"]
[BlackTitle "GM"]
[WhiteElo "2721"]
[BlackElo "2712"]
[WhiteFideId "5029465"]
[BlackFideId "24133795"]
[EventDate "2024.06.06"]

1. e4 c5 2. Nf3 d6 3. d4 cxd4 4. Nxd4 Nf6 5. Nc3 a6 6. Bd3 g6 7. f3 Qb6 8. a3
Nbd7 9. Bc4 Bg7 10. Be3 Qc7 11. Ba2 b5 12. Qd2 Nb6 13. g4 Nc4 14. Bxc4 Qxc4 15.
g5 Nd7 16. b3 Qc7 17. Nd5 Qb7 18. Qa5 Ra7 19. O-O-O e6 20. Nb4 Qc7 21. Ndc6 Qxa5
22. Nxa5 Rc7 23. Rxd6 Bf8 24. Rd2 h6 25. Rhd1 hxg5 26. Bxg5 Rh5 27. Bf4 Rc3 28.
Rd3 Rxd3 29. Rxd3 Nc5 30. Rd1 Bd7 31. Kb1 f5 32. exf5 Rxf5 33. Be3 Rxf3 34. Bxc5
Bxc5 35. Nxa6 Bb6 36. Nb7 Ke7 37. Nac5 Bc6 38. Rd6 Bxc5 39. Rxc6 Bd4 40. Rc7+
Kf6 41. c3 Be5 42. Rc8 Rf1+ 43. Kc2 Rf2+ 44. Kd3 Rxh2 45. Nc5 Rh3+ 46. Ke2 Ke7
47. Rc6 Bd6 48. Ne4 Bxa3 49. Rc7+ Kd8 50. Rb7 Bc1 51. Rxb5 Bf4 52. Kf2 g5 53.
Nxg5 Bxg5 54. Rxg5 1/2-1/2

[Event "UzChess Cup Masters 2024"]
[Site "Tashkent UZB"]
[Date "2024.06.12"]
[Round "7.3"]
[White "Maghsoodloo, Parham"]
[Black "Yu, Yangyi"]
[Result "0-1"]
[WhiteTitle "GM"]
[BlackTitle "GM"]
[WhiteElo "2733"]
[BlackElo "2715"]
[WhiteFideId "12539929"]
[BlackFideId "8603820"]
[EventDate "2024.06.06"]

1. c4 Nf6 2. Nc3 e5 3. Nf3 Nc6 4. g3 Nd4 5. Bg2 Nxf3+ 6. Bxf3 Bc5 7. Na4 Bd4 8.
e3 Bb6 9. O-O O-O 10. d4 e4 11. Bg2 d5 12. cxd5 Qxd5 13. Nc3 Qf5 14. b4 Re8 15.
a4 a5 16. b5 Qg6 17. Qc2 Bf5 18. Ba3 h5 19. h3 Rad8 20. Kh2 Qg5 21. Rad1 Bg6 22.
Ne2 Nd5 23. Nf4 h4 24. Qc1 Bh5 25. g4 Bg6 26. Bc5 Qf6 27. Bxb6 Qxb6 28. Nxd5
Rxd5 29. Qc4 Qd6+ 30. Kh1 Kh7 31. Rc1 Re7 32. Qe2 c6 33. Qe1 Qc7 34. Rc4 Re6 35.
bxc6 bxc6 36. f4 exf3 37. Bxf3 Qe7 38. e4 Bxe4 39. Bxe4+ Rxe4 40. Qb1 f5 41.
gxf5 Rxf5 42. Rcc1 Qe6 43. Rfe1 Rff4 44. Rc3 g6 45. Rg1 Re2 46. Qb7+ Kh6 47.
Qxc6 Rff2 0-1

[Event "UzChess Cup Masters 2024"]
[Site "Tashkent UZB"]
[Date "2024.06.12"]
[Round "7.4"]
[White "Mamedyarov, Shakhriyar"]
[Black "Grischuk, Alexander"]
[Result "1/2-1/2"]
[WhiteTitle "GM"]
[BlackTitle "GM"]
[WhiteElo "2734"]
[BlackElo "2719"]
[WhiteFideId "13401319"]
[BlackFideId "4126025"]
[EventDate "2024.06.06"]

1. d4 d5 2. c4 c6 3. Nf3 Nf6 4. cxd5 cxd5 5. Nc3 Nc6 6. Bf4 Bf5 7. e3 e6 8. Ne5
Nxe5 9. dxe5 Nd7 10. e4 dxe4 11. Bb5 Bc5 12. g4 Bg6 13. Ke2 a6 14. Bxd7+ Qxd7
15. Qxd7+ Kxd7 16. Na4 Ba7 17. Rhd1+ Ke7 18. Rac1 Rac8 19. Be3 Bxe3 20. fxe3 h5
21. Nb6 Rxc1 22. Rxc1 Rh7 23. Rc7+ Kd8 24. Rc8+ Ke7 25. Rc7+ Kd8 26. Rc8+ Ke7
27. g5 h4 28. Rc7+ Kd8 29. Rc8+ Ke7 30. Rc7+ Kd8 31. Rxb7 Rh5 32. Rd7+ Ke8 33.
Rc7 Rxg5 34. Rc8+ Ke7 35. Rc7+ Kd8 36. Rc8+ 1/2-1/2

[Event "UzChess Cup Masters 2024"]
[Site "Tashkent UZB"]
[Date "2024.06.12"]
[Round "7.5"]
[White "Yakubboev, Nodirbek"]
[Black "Sindarov, Javokhir"]
[Result "1/2-1/2"]
[WhiteTitle "GM"]
[BlackTitle "GM"]
[WhiteElo "2634"]
[BlackElo "2668"]
[WhiteFideId "14203987"]
[BlackFideId "14205483"]
[EventDate "2024.06.06"]

1. d4 d5 2. c4 e6 3. Nc3 Nf6 4. cxd5 exd5 5. Bg5 Be7 6. e3 O-O 7. Bd3 Re8 8.
Nge2 c6 9. O-O a5 10. h3 Nbd7 11. Qc2 g6 12. Ng3 b5 13. Rac1 Bb7 14. e4 b4 1/2-1/2

[Event "UzChess Cup Masters 2024"]
[Site "Tashkent UZB"]
[Date "2024.06.13"]
[Round "8.1"]
[White "Vidit, Santosh Gujrathi"]
[Black "Abdusattorov, Nodirbek"]
[Result "1/2-1/2"]
[WhiteTitle "GM"]
[BlackTitle "GM"]
[WhiteElo "2721"]
[BlackElo "2766"]
[WhiteFideId "5029465"]
[BlackFideId "14204118"]
[EventDate "2024.06.06"]

1. e4 e5 2. Nf3 Nc6 3. Bc4 Nf6 4. d3 Bc5 5. O-O d6 6. c3 a6 7. Re1 Ba7 8. Nbd2
O-O 9. Nf1 Na5 10. Bb3 Nxb3 11. axb3 Ng4 12. d4 exd4 13. h3 Ne5 14. Nxd4 Bxd4
15. cxd4 Ng6 16. Ng3 f5 17. exf5 Bxf5 18. Qf3 Qf6 19. Qxb7 Bxh3 20. Qd5+ Kh8 21.
Ne4 Qf5 22. Qxf5 1/2-1/2

[Event "UzChess Cup Masters 2024"]
[Site "Tashkent UZB"]
[Date "2024.06.13"]
[Round "8.2"]
[White "Sarana, Alexey"]
[Black "Sindarov, Javokhir"]
[Result "1-0"]
[WhiteTitle "GM"]
[BlackTitle "GM"]
[WhiteElo "2712"]
[BlackElo "2668"]
[WhiteFideId "24133795"]
[BlackFideId "14205483"]
[EventDate "2024.06.06"]

1. d4 Nf6 2. c4 e6 3. Nf3 d5 4. Nc3 c6 5. Bg5 h6 6. Bh4 dxc4 7. e4 g5 8. Bg3 b5
9. Be2 Nbd7 10. Qc2 Nh5 11. Rd1 Bb7 12. d5 Nxg3 13. hxg3 cxd5 14. exd5 exd5 15.
Nxd5 Bg7 16. Ne3 Qa5+ 17. Kf1 Rd8 18. Nf5 Kf8 19. Rd6 g4 20. N3d4 Be5 21. Qc1
Nf6 22. Rxh6 Rxd6 23. Rxh8+ Ng8 24. Rxg8+ Kxg8 25. Qg5+ Kh7 26. Nxd6 Bxd6 27.
Bxc4 Be4 28. Qh5+ 1-0

[Event "UzChess Cup Masters 2024"]
[Site "Tashkent UZB"]
[Date "2024.06.13"]
[Round "8.3"]
[White "Grischuk, Alexander"]
[Black "Yakubboev, Nodirbek"]
[Result "1/2-1/2"]
[WhiteTitle "GM"]
[BlackTitle "GM"]
[WhiteElo "2719"]
[BlackElo "2634"]
[WhiteFideId "4126025"]
[BlackFideId "14203987"]
[EventDate "2024.06.06"]

1. d4 Nf6 2. Bf4 d5 3. e3 e6 4. Nf3 c5 5. Be2 Qb6 6. Nc3 Bd7 7. O-O a6 8. Rb1
Be7 9. dxc5 Qxc5 10. Qd3 Nc6 11. h3 b5 12. a3 b4 13. axb4 Nxb4 14. Qd2 O-O 15.
Ne5 Rfd8 16. Nxd7 Nxd7 17. Rfc1 Nb6 18. Ra1 Nc4 19. Bxc4 Qxc4 20. Na4 Qb5 21.
Nc3 Qb7 22. Ne2 Nc6 23. Nd4 Bf6 24. Ra2 e5 1/2-1/2

[Event "UzChess Cup Masters 2024"]
[Site "Tashkent UZB"]
[Date "2024.06.13"]
[Round "8.4"]
[White "Yu, Yangyi"]
[Black "Mamedyarov, Shakhriyar"]
[Result "1/2-1/2"]
[WhiteTitle "GM"]
[BlackTitle "GM"]
[WhiteElo "2715"]
[BlackElo "2734"]
[WhiteFideId "8603820"]
[BlackFideId "13401319"]
[EventDate "2024.06.06"]

1. e4 c6 2. d4 d5 3. e5 c5 4. Nf3 cxd4 5. Nxd4 Nc6 6. Nxc6 bxc6 7. Bd3 e6 8. Nd2
a5 9. Qe2 Ne7 10. Nf3 c5 11. c4 dxc4 12. Bxc4 Nd5 13. h4 Be7 14. h5 h6 15. Qe4
Ba6 16. Bxa6 Rxa6 17. Qg4 Kf8 18. Bd2 Qe8 19. O-O g5 20. Rac1 Qb5 21. b3 a4 22.
Qc4 Qxc4 23. bxc4 Nb4 24. a3 Nc6 25. Bc3 Kg7 26. Rb1 Rd8 27. Nd2 Rd3 28. Rfc1
Nd4 29. Kf1 Bd8 30. Ne4 Rb6 31. Rxb6 Bxb6 32. Ke1 Nb3 33. Rd1 Rxc3 34. Nxc3 Ba5
35. Rd3 Nc1 1/2-1/2

[Event "UzChess Cup Masters 2024"]
[Site "Tashkent UZB"]
[Date "2024.06.13"]
[Round "8.5"]
[White "Rapport, Richard"]
[Black "Maghsoodloo, Parham"]
[Result "1/2-1/2"]
[WhiteTitle "GM"]
[BlackTitle "GM"]
[WhiteElo "2715"]
[BlackElo "2733"]
[WhiteFideId "738590"]
[BlackFideId "12539929"]
[EventDate "2024.06.06"]

1. e4 e5 2. Nf3 Nc6 3. Bb5 a6 4. Bxc6 dxc6 5. O-O Qd6 6. Na3 b5 7. c3 c5 8. Nc2
Ne7 9. a4 Bd7 10. b3 Rd8 11. axb5 axb5 12. Qe2 Ng6 13. d4 exd4 14. cxd4 Be7 15.
dxc5 Qxc5 16. Ba3 Qb6 17. Bxe7 Nxe7 18. Qe3 Qxe3 19. Nxe3 Bc6 20. Rfc1 Bxe4 21.
Rxc7 Bxf3 22. gxf3 Ng6 23. Ra5 Nh4 24. Rxb5 Nxf3+ 25. Kg2 Nd4 26. Rd5 O-O 27. b4
Rxd5 28. Nxd5 Rd8 29. Rc4 Ne6 30. Ne3 Kf8 31. b5 Ke7 32. b6 Rb8 33. Ra4 Kd6 34.
Ra7 Kc6 35. Rxf7 Rxb6 36. Re7 Kc5 37. Kg3 h5 38. Rd7 g6 39. Rd5+ Kc6 40. Kf3 Rb4
41. Rd1 1/2-1/2

[Event "UzChess Cup Masters 2024"]
[Site "Tashkent UZB"]
[Date "2024.06.14"]
[Round "9.1"]
[White "Abdusattorov, Nodirbek"]
[Black "Sarana, Alexey"]
[Result "1/2-1/2"]
[WhiteTitle "GM"]
[BlackTitle "GM"]
[WhiteElo "2766"]
[BlackElo "2712"]
[WhiteFideId "14204118"]
[BlackFideId "24133795"]
[EventDate "2024.06.06"]

1. Nf3 d5 2. c4 d4 3. b4 c5 4. b5 a6 5. g3 e5 6. d3 Bd6 7. Bg2 Nf6 8. O-O O-O 9.
Nbd2 Ra7 10. a4 b6 11. e4 g6 12. Kh1 Nh5 13. Ng1 Re7 14. Ne2 a5 15. f4 exf4 16.
gxf4 f6 17. Nf3 Qc7 18. Nfg1 Nd7 19. Nh3 Ree8 20. Ng3 Ng7 21. Ra2 Bb7 22. Re2 f5
23. Kg1 Be7 24. e5 Bxg2 25. Rxg2 Qb7 26. Rff2 Bh4 1/2-1/2

[Event "UzChess Cup Masters 2024"]
[Site "Tashkent UZB"]
[Date "2024.06.14"]
[Round "9.2"]
[White "Maghsoodloo, Parham"]
[Black "Vidit, Santosh Gujrathi"]
[Result "0-1"]
[WhiteTitle "GM"]
[BlackTitle "GM"]
[WhiteElo "2733"]
[BlackElo "2721"]
[WhiteFideId "12539929"]
[BlackFideId "5029465"]
[EventDate "2024.06.06"]

1. c4 c6 2. d4 d5 3. Nf3 Nf6 4. e3 e6 5. Bd3 dxc4 6. Bxc4 c5 7. O-O Nc6 8. Qe2
a6 9. a3 b5 10. Ba2 cxd4 11. Rd1 d3 12. Rxd3 Qc7 13. e4 Ng4 14. h3 h5 15. Nc3
Bc5 16. hxg4 hxg4 17. Nd5 exd5 18. exd5+ Qe7 19. Qxe7+ Nxe7 20. Be3 Bd6 21. Nd4
Bf5 22. Rd2 Kd7 23. Rad1 Rh5 24. Kf1 Be4 25. f3 gxf3 26. gxf3 Bg6 27. Bg1 Nf5
28. Bb1 Ng3+ 29. Kg2 Bxb1 30. Rxb1 Rah8 31. Rbd1 Rg5 32. Be3 Rgh5 33. Bg1 Bf4
34. Ne2 Nxe2 35. Rxe2 Rg5+ 36. Kf1 Rg3 37. Rd3 Rhh3 38. Rf2 Bd6 39. b4 g6 40.
Bh2 Rg5 41. Bg1 Rhh5 42. Rfd2 Bf4 43. Be3 Bxe3 44. Rxe3 Rh1+ 45. Ke2 Rh2+ 46.
Kd1 Rxd2+ 47. Kxd2 Rxd5+ 48. Ke2 Rd6 49. Rc3 Re6+ 50. Kf2 Rc6 51. Rd3+ Ke6 52.
Re3+ Kd5 53. Rd3+ Ke5 54. Ke3 g5 55. Kf2 f5 56. Kg3 Rc4 57. Re3+ Kd5 58. Rd3+
Ke5 59. Re3+ Kd4 60. Re6 Rc3 61. Rxa6 g4 62. a4 Rxf3+ 63. Kg2 bxa4 64. Rxa4 Rb3
65. b5+ Ke5 66. b6 Rxb6 67. Kg3 Rb3+ 68. Kh4 Rh3+ 69. Kg5 Rf3 70. Kh4 Re3 71.
Rb4 g3 72. Kh3 f4 73. Rb2 Kf5 74. Ra2 Re1 75. Rb2 Rh1+ 76. Kg2 Rd1 77. Kh3 Ke4
78. Kg4 Ke3 79. Rb3+ Ke2 80. Kh3 Rd3 81. Rb1 Kf2 82. Rb2+ Kf3 83. Ra2 Re3 84.
Ra1 Kf2 85. Ra2+ Re2 86. Ra1 g2 87. Kh2 f3 88. Rb1 Re1 0-1

[Event "UzChess Cup Masters 2024"]
[Site "Tashkent UZB"]
[Date "2024.06.14"]
[Round "9.3"]
[White "Mamedyarov, Shakhriyar"]
[Black "Rapport, Richard"]
[Result "1/2-1/2"]
[WhiteTitle "GM"]
[BlackTitle "GM"]
[WhiteElo "2734"]
[BlackElo "2715"]
[WhiteFideId "13401319"]
[BlackFideId "738590"]
[EventDate "2024.06.06"]

1. d4 d5 2. c4 c6 3. Nc3 Nf6 4. Nf3 dxc4 5. a4 Bf5 6. Ne5 Nbd7 7. Nxc4 Nb6 8. g4
Bxg4 9. Ne5 Bf5 10. a5 Nbd5 11. Bg2 e6 12. Qb3 Qc7 13. e4 Nxc3 14. exf5 Ncd5 15.
fxe6 Bb4+ 16. Kf1 fxe6 17. Bh3 Qe7 18. a6 Rb8 19. Qg3 Bd6 20. Rg1 g6 21. axb7
Rxb7 22. Bg5 Ne4 23. Bxe7 Nxg3+ 24. hxg3 Kxe7 25. Nxc6+ Kd7 26. Na5 Rxb2 27. Nc4
Rc2 28. Rxa7+ Nc7 1/2-1/2

[Event "UzChess Cup Masters 2024"]
[Site "Tashkent UZB"]
[Date "2024.06.14"]
[Round "9.4"]
[White "Yakubboev, Nodirbek"]
[Black "Yu, Yangyi"]
[Result "1/2-1/2"]
[WhiteTitle "GM"]
[BlackTitle "GM"]
[WhiteElo "2634"]
[BlackElo "2715"]
[WhiteFideId "14203987"]
[BlackFideId "8603820"]
[EventDate "2024.06.06"]

1. d4 Nf6 2. c4 e6 3. Nf3 d5 4. Nc3 Bb4 5. Qa4+ Nc6 6. e3 O-O 7. Qc2 Ne7 8. Bd2
c5 9. a3 Bxc3 10. Bxc3 cxd4 11. Bxd4 Bd7 12. c5 Ne4 13. Ne5 Ng6 14. Bd3 Nxe5 15.
Bxe5 Qg5 16. Bxe4 dxe4 17. Qxe4 Bc6 18. h4 Qf5 19. Qxf5 exf5 20. O-O Rfe8 21.
Bf4 Rad8 22. Rfd1 Rxd1+ 23. Rxd1 f6 24. f3 Kf7 25. Kf2 Re7 26. Bd6 Rd7 27. h5 b6
28. Rd4 bxc5 29. Bxc5 a5 30. b3 Rd5 31. Rc4 Rd2+ 32. Kg3 Bb5 33. Rc1 g5 34. a4
Bd3 35. Bb6 Rc2 36. Rd1 Rc3 37. Bxa5 Rxb3 38. Rd2 Ke6 39. Bb6 f4+ 40. exf4 gxf4+
41. Kg4 Bf5+ 42. Kxf4 Rb4+ 43. Bd4 Rxa4 44. g4 Bb1 45. Kg3 Ba2 46. Bc5 Ra6 47.
Re2+ Kd5 48. Bf8 Bb1 49. Re7 Bc2 50. Bg7 Bd1 51. Rf7 Rb6 52. Bxf6 Ke6 53. Rf8
Rb3 54. Bg7 Ke7 55. Rf6 Re3 56. h6 Re6 57. Rf4 Re3 58. Bd4 Rb3 59. g5 Rb5 60.
Bf6+ Kf7 61. Rc4 Rb7 62. Kf2 Kg6 63. Rc5 Ra7 64. Rc6 Rd7 65. Ke3 Ba4 66. Rc5 Rb7
67. f4 Bd7 68. Bc3 Bf5 69. Kd4 Rd7+ 70. Ke5 Re7+ 71. Kd6 Rd7+ 72. Kc6 Rd8 73.
Be5 Rc8+ 74. Bc7 Ra8 75. Kb6 Re8 76. Be5 Rc8 77. Ra5 Rd8 78. Ra7 Rc8 79. Rg7+
Kh5 80. Bc7 Re8 81. Kc5 Kg4 82. Rf7 Bg6 83. Rf6 Bf5 84. Be5 Rd8 85. Kc6 Rc8+ 86.
Kd6 Ra8 87. Rf7 Rd8+ 88. Kc7 Rc8+ 89. Kb6 Rd8 90. Re7 Ra8 91. Bc7 Bg6 92. Kc5
Re8 93. Rg7 Bf5 94. Kd5 Be4+ 95. Kd6 Bf5 96. Kc5 Be4 97. Be5 Rd8 98. Bd6 Re8 99.
Kd4 Bf5 100. Be5 Rd8+ 101. Ke3 Rd3+ 102. Ke2 Rd8 103. Ke3 Rd3+ 104. Ke2 Rd8 105.
Ke3 Rd3+ 1/2-1/2

[Event "UzChess Cup Masters 2024"]
[Site "Tashkent UZB"]
[Date "2024.06.14"]
[Round "9.5"]
[White "Sindarov, Javokhir"]
[Black "Grischuk, Alexander"]
[Result "1/2-1/2"]
[WhiteTitle "GM"]
[BlackTitle "GM"]
[WhiteElo "2668"]
[BlackElo "2719"]
[WhiteFideId "14205483"]
[BlackFideId "4126025"]
[EventDate "2024.06.06"]

1. e4 e5 2. Nf3 Nc6 3. Bc4 Bc5 4. d3 Nf6 5. a3 d6 6. h3 h6 7. Nc3 Bb6 8. Na4 O-O
9. O-O Re8 10. b4 a6 11. Nxb6 cxb6 12. b5 Na5 13. Ba2 axb5 14. Rb1 Bd7 15. Kh1
Rc8 16. Be3 Be6 17. Bxe6 Rxe6 18. c4 Nc6 19. Rxb5 Nd7 20. Qb1 Nc5 21. Rxb6 Ra8
22. d4 exd4 23. Nxd4 Nxd4 24. Bxd4 Rxe4 25. Rd1 Qe7 26. Bxc5 dxc5 27. Rxb7 Qe5
28. Rxf7 Rb8 29. Rb7 Rxb7 30. Qxb7 Rxc4 31. a4 Rd4 32. Rc1 c4 33. g3 c3 34. Qb3+
Kh7 35. Rxc3 Qe4+ 36. Kh2 Rxa4 37. Rc8 Ra1 38. Qg8+ Kg6 39. Qe8+ Qxe8 40. Rxe8
Ra2 41. Rf8 h5 42. Kg2 Kh7 43. Kf3 g6 44. Rf7+ Kh6 45. Rf4 Kg7 46. Rb4 Kf6 47.
Ke3 Rc2 48. Rb6+ Kg7 49. f3 Rh2 50. Rb7+ Kf6 51. h4 Ra2 52. Rb6+ Kg7 53. Rb5 Ra4
54. Rg5 Ra3+ 55. Kf2 Ra2+ 56. Kg1 Rb2 57. f4 Kh6 58. f5 1/2-1/2